[Event "ch-Schachbundesliga 2020"]
[Site "Karlsruhe GER"]
[Date "2020.09.16"]
[Round "1.1"]
[Board "2"]
[White "Vachier-Lagrave, Maxime"]
[Black "Heimann, Andreas"]
[Result "1-0"]
[WhiteTitle "GM"]
[BlackTitle "GM"]
[WhiteElo "2778"]
[BlackElo "2617"]
[WhiteTeam "OSG Baden-Baden"]
[BlackTeam "Schachfreunde Deizisau"]
[WhiteFideId "623539"]
[BlackFideId "24624632"]
[EventDate "2020.09.16"]

1. e4 e5 2. Nf3 Nc6 3. Bb5 a6 4. Ba4 Nf6 5. O-O Nxe4 6. d4 b5 7. Bb3 d5 8. dxe5
Be6 9. c3 Bc5 10. Nbd2 O-O 11. Bc2 Nxf2 12. Rxf2 f6 13. Nf1 Bxf2+ 14. Kxf2 fxe5
15. Kg1 Qd6 16. Ng5 Bf5 17. Bb3 Ne7 18. Ng3 c6 19. Qe2 Kh8 20. Bd2 h6 21. Re1 e4
22. Qh5 Bg6 23. Qh3 Nf5 24. Nxf5 Bxf5 25. Qh4 Qe7 26. Nf3 Qxh4 27. Nxh4 Bh7 28.
g3 g5 29. Ng2 Kg7 30. Be3 Bf5 31. Bc5 Rf7 32. Bd1 Kg6 33. h4 Bh3 34. h5+ Kh7 35.
Ne3 Bd7 36. Ng4 Re8 37. Rf1 Rxf1+ 38. Kxf1 Bxg4 39. Bxg4 1-0

[Event "ch-Schachbundesliga 2020"]
[Site "Karlsruhe GER"]
[Date "2020.09.16"]
[Round "1.1"]
[Board "3"]
[White "Meier, Georg"]
[Black "Aronian, Levon"]
[Result "1/2-1/2"]
[WhiteTitle "GM"]
[BlackTitle "GM"]
[WhiteElo "2622"]
[BlackElo "2773"]
[WhiteTeam "Schachfreunde Deizisau"]
[BlackTeam "OSG Baden-Baden"]
[WhiteFideId "4675789"]
[BlackFideId "13300474"]
[EventDate "2020.09.16"]

1. Nf3 d5 2. g3 Nf6 3. Bg2 g6 4. O-O Bg7 5. d4 O-O 6. c4 c6 7. cxd5 cxd5 8. Nc3
Ne4 9. Ne5 Nxc3 10. bxc3 Nc6 11. Nxc6 bxc6 12. Qa4 Qb6 13. Ba3 Qa6 14. Qxa6 Bxa6
15. Rfb1 Rfb8 16. Bf1 e6 17. e3 Bxf1 18. Kxf1 Bf8 19. Bxf8 Kxf8 20. Ke2 Ke7 21.
Kd3 Kd6 22. c4 c5 23. cxd5 Kxd5 24. e4+ Kd6 25. dxc5+ Kxc5 26. Rc1+ Kd6 27. Rc2
Rc8 28. Rxc8 Rxc8 29. Rb1 Rc7 30. a4 Rd7 31. Kc3 1/2-1/2

[Event "ch-Schachbundesliga 2020"]
[Site "Karlsruhe GER"]
[Date "2020.09.16"]
[Round "1.1"]
[Board "4"]
[White "Wojtaszek, Radoslaw"]
[Black "Bluebaum, Matthias"]
[Result "1/2-1/2"]
[WhiteTitle "GM"]
[BlackTitle "GM"]
[WhiteElo "2717"]
[BlackElo "2660"]
[WhiteTeam "OSG Baden-Baden"]
[BlackTeam "Schachfreunde Deizisau"]
[WhiteFideId "1118358"]
[BlackFideId "24651516"]
[EventDate "2020.09.16"]

1. c4 e5 2. d3 Nf6 3. Nf3 Bb4+ 4. Nbd2 Nc6 5. a3 Bxd2+ 6. Bxd2 d5 7. cxd5 Qxd5
8. e4 Qd6 9. h3 a5 10. Rc1 O-O 11. Be3 Rd8 12. Be2 Be6 13. O-O a4 14. Qc2 Bb3
15. Qc3 Qe7 16. Nd2 Ba2 17. Ra1 Nd4 18. Bd1 Nb5 19. Qb4 Qxb4 20. axb4 Be6 21.
Rxa4 Rxa4 22. Bxa4 Nd4 23. Ra1 h6 24. Kf1 b5 25. Bxd4 Rxd4 26. Bxb5 Rxb4 27. Bc6
Rxb2 28. Nf3 Nh5 29. Nxe5 Nf4 30. d4 f6 31. Nf3 Bc4+ 32. Kg1 Rc2 33. d5 Bd3 34.
e5 fxe5 35. Nxe5 Be4 36. Ra4 Bxd5 37. Bxd5+ 1/2-1/2

[Event "ch-Schachbundesliga 2020"]
[Site "Karlsruhe GER"]
[Date "2020.09.16"]
[Round "1.1"]
[Board "5"]
[White "Donchenko, Alexander"]
[Black "Rapport, Richard"]
[Result "1/2-1/2"]
[WhiteTitle "GM"]
[BlackTitle "GM"]
[WhiteElo "2654"]
[BlackElo "2760"]
[WhiteTeam "Schachfreunde Deizisau"]
[BlackTeam "OSG Baden-Baden"]
[WhiteFideId "24603295"]
[BlackFideId "738590"]
[EventDate "2020.09.16"]

1. d4 d5 2. c4 c6 3. Nf3 Nf6 4. e3 g6 5. Nc3 Bg7 6. Be2 O-O 7. O-O e6 8. b4 dxc4
9. Bxc4 Nd5 10. Qb3 Nxc3 11. Qxc3 b6 12. Ba3 Nd7 13. Rac1 Bb7 14. Qb3 Qe7 15.
Rfd1 Rfd8 16. Be2 Bf8 17. Rc3 Qe8 18. Rcc1 Qe7 19. Rc3 Qe8 20. Nd2 a5 21. bxa5
Bxa3 22. Qxa3 Rxa5 23. Qb2 Rda8 24. a3 Qe7 25. Nc4 R5a6 26. Ne5 b5 27. Nxd7 Qxd7
28. Qb4 Qd8 29. Rdc1 Ra4 30. Qc5 Qf8 31. Qb6 R8a7 32. g3 Rxa3 33. Rc5 Qe7 34.
R5c2 Ra1 35. Bf3 R7a6 36. Qc5 Qxc5 37. Rxc5 Rxc1+ 38. Rxc1 Kf8 39. Kf1 Ke7 40.
Ke1 Kd6 41. Rc5 Ra1+ 42. Bd1 b4 43. Rc2 Ba6 44. Kd2 Bb5 45. Rb2 c5 46. dxc5+
Kxc5 47. Rc2+ Bc4 48. Be2 Ra2 49. Rxa2 Bxa2 50. h4 e5 51. Kc2 h6 52. Bd3 Bc4 53.
Be4 Bd5 54. Bd3 Bf3 55. Kb2 Bg4 56. Kb3 Bf5 57. Be2 f6 58. Kb2 Be4 59. Kb3 Bd5+
60. Kb2 Bf7 61. Bd3 g5 62. Kc2 Bc4 63. Bf5 Be2 64. Kd2 Bf3 65. Kc2 Kd5 66. Kb3
Be4 67. Bc8 Kc5 68. Bg4 f5 69. Be2 gxh4 70. gxh4 Bd5+ 71. Ka4 Bc4 72. Bh5 Be6
73. Be2 Bd5 74. Bd1 f4 75. Be2 Be6 76. Bd3 Bf7 77. Be2 Bc4 78. Bh5 Be6 79. Be2
Bf7 80. Bd1 Bg6 81. Kb3 Kb5 82. Be2+ Ka5 83. Bc4 Bh5 84. Kc2 Ka4 85. Kb2 Bd1 86.
Bd3 Ka5 87. Bc4 Kb6 88. Be6 Kc5 89. Bf7 Bf3 90. Be6 Bd5 91. Bg4 Kd6 92. Bf5 Ke7
93. Bg6 Kf6 94. Bh7 Be6 95. Be4 Bf5 96. Bf3 Be6 97. Be4 Bf7 98. Bc2 Bg6 99. Bd1
Kf5 100. exf4 Kxf4 101. Kb3 Bf5 102. Kxb4 Bg4 103. Bc2 Bf3 104. Kc5 h5 105. Bg6
Kg4 106. Kd6 e4 107. Ke5 Kxh4 108. Kf4 Kh3 109. Bxh5 Kg2 110. Bxf3+ Kxf2 111.
Kxe4 1/2-1/2

[Event "ch-Schachbundesliga 2020"]
[Site "Karlsruhe GER"]
[Date "2020.09.16"]
[Round "1.1"]
[Board "8"]
[White "Bacrot, Etienne"]
[Black "Demuth, Adrien"]
[Result "1-0"]
[WhiteTitle "GM"]
[BlackTitle "GM"]
[WhiteElo "2673"]
[BlackElo "2492"]
[WhiteTeam "OSG Baden-Baden"]
[BlackTeam "Schachfreunde Deizisau"]
[WhiteFideId "605506"]
[BlackFideId "642274"]
[EventDate "2020.09.16"]

1. Nf3 c5 2. c4 Nc6 3. Nc3 g6 4. e3 Nf6 5. d4 cxd4 6. exd4 d5 7. cxd5 Nxd5 8.
Qb3 Nxc3 9. Bc4 Nd5 10. Bxd5 e6 11. Bxc6+ bxc6 12. O-O f6 13. Be3 Qd5 14. Rfc1
Be7 15. Nd2 Kf7 16. Rc3 Bd7 17. Qc2 Qf5 18. Ne4 Rhg8 19. Bg5 fxg5 20. Rf3 g4 21.
Rxf5+ exf5 22. Nd2 Bf6 23. Nc4 Kg7 24. Ne5 Rgd8 25. Qb3 Be8 26. Qb7+ Kh6 27. h3
gxh3 28. Re1 Rab8 29. Qxa7 Rb4 30. Re3 Rdxd4 31. Rxh3+ Rh4 32. Rxh4+ Rxh4 33.
Qb8 Re4 34. f4 Bxe5 35. fxe5 Bd7 36. Qd6 1-0

[Event "ch-Schachbundesliga 2020"]
[Site "Karlsruhe GER"]
[Date "2020.09.16"]
[Round "1.2"]
[Board "1"]
[White "Fressinet, Laurent"]
[Black "L'Ami, Erwin"]
[Result "1/2-1/2"]
[WhiteTitle "GM"]
[BlackTitle "GM"]
[WhiteElo "2635"]
[BlackElo "2620"]
[WhiteTeam "SV Werder Bremen"]
[BlackTeam "SG Solingen"]
[WhiteFideId "608742"]
[BlackFideId "1007998"]
[EventDate "2020.09.16"]

1. d4 d5 2. Nf3 Nf6 3. c4 e6 4. Nc3 c5 5. cxd5 cxd4 6. Qxd4 exd5 7. e4 dxe4 8.
Qxd8+ Kxd8 9. Ng5 Be6 10. Nxe6+ fxe6 11. Bg5 Ke8 12. O-O-O Nc6 13. Bc4 Kf7 14.
Rhe1 Ne5 15. Bxf6 gxf6 16. Rxe4 Bh6+ 17. Kc2 Rhd8 18. Bb3 Rxd1 19. Nxd1 Rc8+ 20.
Nc3 b5 21. f4 Nc4 22. Bxc4 bxc4 23. Nb5 Rc5 24. Nd4 e5 25. fxe5 Rxe5 26. Rxe5
fxe5 27. Nc6 Ke6 28. Nxa7 e4 29. Nb5 Bf4 30. g3 Be5 31. a4 e3 32. Nc3 Kd6 33.
Kd1 Kc5 34. a5 Bd4 35. Ke2 Kb4 36. a6 Ka5 37. Ne4 Kxa6 38. Nd6 Bxb2 39. Nxc4 Bc1
40. Nxe3 Kb5 41. Kf3 Kc6 42. Ng4 Kd6 43. Nf6 h6 44. Ke4 Ke6 45. Nd5 Bd2 46. g4
h5 47. gxh5 Bc1 48. h4 Bd2 49. Nc7+ Kf6 50. Kf3 Kf5 51. Nb5 Be1 52. Nd4+ Ke5 53.
h6 Kf6 54. h5 Bd2 1/2-1/2

[Event "ch-Schachbundesliga 2020"]
[Site "Karlsruhe GER"]
[Date "2020.09.16"]
[Round "1.2"]
[Board "2"]
[White "Tari, Aryan"]
[Black "McShane, Luke J"]
[Result "1/2-1/2"]
[WhiteTitle "GM"]
[BlackTitle "GM"]
[WhiteElo "2630"]
[BlackElo "2680"]
[WhiteTeam "SG Solingen"]
[BlackTeam "SV Werder Bremen"]
[WhiteFideId "1510045"]
[BlackFideId "404853"]
[EventDate "2020.09.16"]

1. e4 e5 2. Nf3 Nc6 3. Bb5 Nf6 4. d3 Bc5 5. Bxc6 dxc6 6. O-O Qe7 7. Nbd2 Bg4 8.
h3 Bh5 9. a3 a5 10. Nc4 Nd7 11. g4 Bg6 12. b4 Bb6 13. Nxb6 cxb6 14. Be3 h5 15.
Kg2 b5 16. Qe2 f6 17. a4 hxg4 18. hxg4 Qxb4 19. Rfb1 Qd6 20. axb5 c5 21. Rh1
Rxh1 22. Rxh1 Nf8 23. Nh4 a4 24. Nf5 Qc7 25. c4 b6 26. Qc2 Qa7 27. Ng3 Ne6 28.
Ne2 Nd4 29. Nxd4 cxd4 30. Bd2 Bf7 31. Bb4 Be6 32. Kg3 a3 33. Qa2 Kf7 34. Ra1 Qd7
35. f3 Ra4 36. Qb1 a2 37. Rxa2 Rxa2 38. Qxa2 Qxb5 39. Qa7+ Qd7 40. Qxb6 Qa4 41.
Qb7+ Kg8 42. Qe7 Qd1 43. Qxe6+ Kh7 44. Qf5+ Kg8 45. Qc8+ Kh7 46. Qf5+ Kg8 47.
Kf2 Qc2+ 48. Ke1 Qc1+ 49. Kf2 Qc2+ 50. Ke1 Qc1+ 51. Kf2 1/2-1/2

[Event "ch-Schachbundesliga 2020"]
[Site "Karlsruhe GER"]
[Date "2020.09.16"]
[Round "1.2"]
[Board "3"]
[White "Areshchenko, Alexander"]
[Black "Van Foreest, Jorden"]
[Result "1-0"]
[WhiteTitle "GM"]
[BlackTitle "GM"]
[WhiteElo "2678"]
[BlackElo "2682"]
[WhiteTeam "SV Werder Bremen"]
[BlackTeam "SG Solingen"]
[WhiteFideId "14109530"]
[BlackFideId "1039784"]
[EventDate "2020.09.16"]

1. e4 c5 2. Nf3 e6 3. d4 cxd4 4. Nxd4 a6 5. Nc3 Qc7 6. Be2 Nf6 7. O-O Be7 8. f4
d6 9. Be3 Nc6 10. Kh1 O-O 11. Qe1 Nxd4 12. Bxd4 b5 13. a3 Nd7 14. Bd3 Bb7 15.
Ne2 e5 16. Bc3 Nc5 17. Ng3 Bh4 18. fxe5 dxe5 19. Qe3 Bxg3 20. Qxg3 f6 21. Rae1
Rf7 22. Re3 Rd8 23. Qh4 Rfd7 24. Be2 Qb6 25. Bg4 Rd6 26. Bf5 h6 27. Qg4 Qc7 28.
Qg6 Rd1 29. Ree1 Rxe1 30. Bxe1 Kf8 31. Qh7 Kf7 32. Bb4 Na4 33. Bg6+ Ke6 34. Bh5
Nc5 35. Bxc5 Qxc5 36. Qxg7 Bxe4 37. Qf7+ 1-0

[Event "ch-Schachbundesliga 2020"]
[Site "Karlsruhe GER"]
[Date "2020.09.16"]
[Round "1.2"]
[Board "4"]
[White "Andersen, Mads"]
[Black "Efimenko, Zahar"]
[Result "1/2-1/2"]
[WhiteTitle "GM"]
[BlackTitle "GM"]
[WhiteElo "2585"]
[BlackElo "2602"]
[WhiteTeam "SG Solingen"]
[BlackTeam "SV Werder Bremen"]
[WhiteFideId "1413864"]
[BlackFideId "14107201"]
[EventDate "2020.09.16"]

1. d4 Nf6 2. c4 e6 3. Nf3 b6 4. g3 Bb4+ 5. Bd2 Bxd2+ 6. Qxd2 Ba6 7. b3 d5 8. Bg2
O-O 9. O-O Nbd7 10. Rd1 Ne4 11. Qb2 f5 12. Nc3 c6 13. Rac1 Qe7 14. e3 Rac8 15.
Ne2 Bb7 16. h4 dxc4 17. bxc4 c5 18. Nf4 cxd4 19. exd4 Rfe8 20. Re1 Ba8 21. a4 a5
22. Ng5 e5 23. c5 Nxg5 24. hxg5 Bxg2 25. Kxg2 bxc5 26. dxe5 Nxe5 27. Re3 Rb8 28.
Qa2+ Qf7 29. Qxf7+ Nxf7 30. Rxe8+ Rxe8 31. Rxc5 g6 32. Rxa5 Nxg5 33. Ra7 Re5 34.
a5 Ne6 35. Nd3 Rd5 36. Nb4 Rb5 37. Nc6 Rc5 38. Ra6 Nc7 39. Rb6 Nd5 40. Ra6 Nc7
41. Ne7+ Kf7 42. Rc6 Rxc6 43. Nxc6 Ke6 44. Kf3 Kd6 45. Nd4 Kc5 46. Nxf5 gxf5 47.
Kf4 Kb5 48. Kxf5 Kxa5 49. Kg5 Kb6 50. Kh6 Kc6 51. Kxh7 Kd6 52. f4 Ke7 53. Kg6
Nd5 54. f5 Nf6 1/2-1/2

[Event "ch-Schachbundesliga 2020"]
[Site "Karlsruhe GER"]
[Date "2020.09.16"]
[Round "1.2"]
[Board "6"]
[White "Smeets, Jan"]
[Black "Van Foreest, Lucas"]
[Result "1/2-1/2"]
[WhiteTitle "GM"]
[BlackTitle "GM"]
[WhiteElo "2585"]
[BlackElo "2531"]
[WhiteTeam "SG Solingen"]
[BlackTeam "SV Werder Bremen"]
[WhiteFideId "1007246"]
[BlackFideId "1039792"]
[EventDate "2020.09.16"]

1. e4 e5 2. Nf3 Nc6 3. d4 exd4 4. Nxd4 Nf6 5. Nxc6 bxc6 6. Bd3 d5 7. exd5 cxd5
8. O-O Be7 9. h3 O-O 10. Re1 c5 11. b3 Be6 12. Bb2 Nd7 13. Qf3 Bf6 14. Bxf6 Qxf6
15. Qxf6 Nxf6 16. Nc3 Rfc8 17. Rac1 Kf8 18. Be2 Rab8 19. Bf3 d4 20. Ne2 g5 21.
Rcd1 h5 22. Ng3 h4 23. Ne4 Nxe4 24. Bxe4 Re8 25. Bc6 Re7 26. Rd2 Rb6 27. Bf3 Bf5
28. Rc1 Kg7 29. Be2 Rd6 30. Bd3 Bd7 31. Rf1 f5 32. Kh2 a5 33. Bc4 g4 34. hxg4
fxg4 35. c3 g3+ 36. Kg1 h3 37. cxd4 hxg2 38. Kxg2 gxf2 39. Kxf2 Rf6+ 40. Kg1
Rg6+ 41. Rg2 Rxg2+ 42. Kxg2 cxd4 43. Rf4 Bc6+ 44. Kf2 Be4 45. Ke2 Bb1+ 46. Kd2
Bxa2 47. Rxd4 Bb1 48. Rd5 Ra7 49. Bb5 Kf6 50. Kc3 Bf5 51. Ba4 Be6 52. Rc5 Ke7
53. Kd4 Rb7 54. Rxa5 1/2-1/2

[Event "ch-Schachbundesliga 2020"]
[Site "Karlsruhe GER"]
[Date "2020.09.16"]
[Round "1.2"]
[Board "7"]
[White "Werle, Jan"]
[Black "Kreisl, Robert"]
[Result "1/2-1/2"]
[WhiteTitle "GM"]
[BlackTitle "IM"]
[WhiteElo "2580"]
[BlackElo "2401"]
[WhiteTeam "SV Werder Bremen"]
[BlackTeam "SG Solingen"]
[WhiteFideId "1006088"]
[BlackFideId "1613880"]
[EventDate "2020.09.16"]

1. d4 Nf6 2. c4 e6 3. Nc3 d5 4. cxd5 exd5 5. Bg5 c6 6. e3 Bd6 7. Bd3 h6 8. Bh4
O-O 9. Nf3 Re8 10. Qc2 Be6 11. Ne5 c5 12. O-O cxd4 13. exd4 Nc6 14. Nxc6 bxc6
15. Bg3 Bxg3 16. hxg3 Ng4 17. Qd2 Rb8 18. f3 Nf6 19. b3 Qd6 20. Ne2 c5 21. Qf4
Qxf4 22. Nxf4 cxd4 23. Rfc1 g5 24. Nxe6 fxe6 25. Rc7 e5 26. Bg6 Rec8 27. Re7 e4
28. fxe4 dxe4 29. Rf1 Rb6 30. Bxe4 Nxe4 31. Rxe4 Rd6 32. Re2 a5 33. Rd2 a4 34.
Rf3 axb3 35. Rxb3 Kf7 36. Rb4 Rcd8 37. Kf2 Ke6 38. Kf3 Ke5 39. Rb5+ Rd5 40. Re2+
Kd6 41. Rb6+ Kc5 42. Ree6 Kc4 43. Ke2 Ra8 44. Ra6 Re5+ 45. Kd2 Rxa6 46. Rxa6 Re3
47. Rc6+ Kd5 48. Rxh6 Rxg3 49. a4 Rxg2+ 50. Kd3 Rg3+ 51. Kd2 Rg2+ 52. Kd3 Rg3+
53. Kd2 Ra3 54. Rg6 Kc4 55. Rc6+ Kd5 56. Rg6 Ra2+ 57. Kd3 Ra3+ 58. Kd2 g4 59.
Rxg4 Kc4 60. Kc2 Ra2+ 61. Kb1 Re2 62. Rg8 Kc3 63. Rc8+ Kb3 64. Kc1 Ra2 65. Kd1
Rxa4 66. Kd2 Rc4 67. Rxc4 Kxc4 68. Kc2 d3+ 69. Kd2 Kd4 70. Kd1 Ke3 71. Ke1 d2+
72. Kd1 Kd3 1/2-1/2

[Event "ch-Schachbundesliga 2020"]
[Site "Karlsruhe GER"]
[Date "2020.09.16"]
[Round "1.2"]
[Board "8"]
[White "Halvax, Georg"]
[Black "Reuker, Jari"]
[Result "0-1"]
[WhiteTitle "IM"]
[WhiteElo "2402"]
[BlackElo "2401"]
[WhiteTeam "SG Solingen"]
[BlackTeam "SV Werder Bremen"]
[WhiteFideId "1619543"]
[BlackFideId "12909300"]
[EventDate "2020.09.16"]

1. d4 d5 2. Nf3 e6 3. c4 c6 4. Nc3 dxc4 5. e3 b5 6. a4 Bb4 7. Bd2 a5 8. axb5
Bxc3 9. Bxc3 cxb5 10. b3 Bb7 11. bxc4 b4 12. Bb2 Nf6 13. Bd3 Nbd7 14. O-O O-O
15. Nd2 Qc7 16. Re1 a4 17. f3 a3 18. Bc1 Rfb8 19. Nb3 Bc6 20. Bd2 e5 21. Qc2 Ba4
22. c5 Nf8 23. Bc4 Ne6 24. Bxe6 fxe6 25. Qc4 Kf7 26. Reb1 Bb5 27. Qc2 Ba4 28.
Qc4 Bb5 29. Qc2 Bc6 30. dxe5 Qxe5 31. Nd4 Bd5 32. Rxb4 Rxb4 33. Bxb4 Qxe3+ 34.
Qf2 Qd3 35. Qd2 Qxd2 36. Bxd2 a2 37. Nc2 Nd7 38. Be3 Ne5 39. Nb4 Ra4 40. Nxd5
exd5 41. Kf2 Nc6 42. Bd2 Nd4 43. Bc3 Nb3 44. Rd1 Rc4 45. Ba1 Rxc5 46. Be5 d4 0-1

[Event "ch-Schachbundesliga 2020"]
[Site "Karlsruhe GER"]
[Date "2020.09.16"]
[Round "1.3"]
[Board "1"]
[White "Korobov, Anton"]
[Black "Huschenbeth, Niclas"]
[Result "1/2-1/2"]
[WhiteTitle "GM"]
[BlackTitle "GM"]
[WhiteElo "2688"]
[BlackElo "2612"]
[WhiteTeam "SC Viernheim"]
[BlackTeam "FC Bayern Muenchen"]
[WhiteFideId "14105730"]
[BlackFideId "24604747"]
[EventDate "2020.09.16"]

1. d4 Nf6 2. c4 e6 3. Nc3 Bb4 4. e3 O-O 5. Bd3 c5 6. Nf3 d5 7. O-O cxd4 8. exd4
dxc4 9. Bxc4 b6 10. Bg5 Bb7 11. Rc1 h6 12. Bh4 Nc6 13. a3 Be7 14. Ba2 Nh5 15.
Bg3 Nxg3 16. hxg3 Bf6 17. d5 exd5 18. Qxd5 Qxd5 19. Nxd5 Rac8 20. Nxf6+ gxf6 21.
Rfe1 Rfd8 22. Rc4 Ba6 23. Rc3 Kf8 24. Kh2 Nd4 25. Nxd4 Rxd4 26. Rxc8+ Bxc8 27.
Rc1 Be6 28. Bxe6 fxe6 29. Rc7 Rd2 30. Rxa7 Rxb2 31. f3 b5 32. g4 Kg8 33. Kg3 b4
34. axb4 Rxb4 35. Kh4 Rb5 36. Re7 Re5 37. f4 Re4 38. g3 Re3 39. f5 e5 40. Kh5
Rxg3 41. Kg6 Rxg4+ 42. Kxf6 Ra4 43. Re8+ Kh7 44. Rxe5 h5 45. Kg5 1/2-1/2

[Event "ch-Schachbundesliga 2020"]
[Site "Karlsruhe GER"]
[Date "2020.09.16"]
[Round "1.3"]
[Board "2"]
[White "Dragnev, Valentin"]
[Black "Anton Guijarro, David"]
[Result "1-0"]
[WhiteTitle "GM"]
[BlackTitle "GM"]
[WhiteElo "2553"]
[BlackElo "2688"]
[WhiteTeam "FC Bayern Muenchen"]
[BlackTeam "SC Viernheim"]
[WhiteFideId "1634852"]
[BlackFideId "2285525"]
[EventDate "2020.09.16"]

1. e4 c5 2. Nf3 d6 3. d4 cxd4 4. Nxd4 Nf6 5. Nc3 Nc6 6. Bg5 e6 7. Bb5 Bd7 8. Qd3
h6 9. Bh4 Ne5 10. Qh3 Be7 11. O-O-O O-O 12. f4 Ng6 13. Bxf6 Bxf6 14. f5 Nf4 15.
Qf3 Rc8 16. Bxd7 Qxd7 17. Kb1 Be5 18. Rd2 Rc4 19. Rhd1 Rfc8 20. h4 g6 21. g3 Nh5
22. Nce2 Ng7 23. fxg6 fxg6 24. Qg4 Qf7 25. Nf3 R4c7 26. Nxe5 dxe5 27. Nc1 Nh5
28. Nd3 Nf6 29. Qe2 Nd7 30. Qe3 Qg7 31. Qxa7 g5 32. Qe3 Rf8 33. a4 Kh7 34. b3
gxh4 35. gxh4 Qg4 36. Nf2 Qg7 37. Nd3 Qg4 38. Rg1 Qxh4 39. Rdg2 Rf7 40. Qd2 Qf6
41. Rf2 Rg7 42. Rxf6 Rxg1+ 43. Kb2 Nxf6 44. Qf2 Rg6 45. Nxe5 Rcg7 46. Nxg6 Kxg6
47. Qg3+ Kf7 48. Qf4 Kg6 49. e5 1-0

[Event "ch-Schachbundesliga 2020"]
[Site "Karlsruhe GER"]
[Date "2020.09.16"]
[Round "1.3"]
[Board "3"]
[White "Amin, Bassem"]
[Black "Studer, Noel"]
[Result "1-0"]
[WhiteTitle "GM"]
[BlackTitle "GM"]
[WhiteElo "2686"]
[BlackElo "2573"]
[WhiteTeam "SC Viernheim"]
[BlackTeam "FC Bayern Muenchen"]
[WhiteFideId "10601457"]
[BlackFideId "1319620"]
[EventDate "2020.09.16"]

1. Nf3 d5 2. g3 Nf6 3. Bg2 c5 4. d3 e6 5. O-O Nc6 6. Nbd2 Be7 7. e4 O-O 8. Re1
Qc7 9. Qe2 b5 10. Nf1 dxe4 11. dxe4 b4 12. e5 Nd5 13. h4 Bb7 14. Qe4 Rfd8 15.
Qg4 Nd4 16. Nxd4 cxd4 17. h5 Qxc2 18. Be4 Qc7 19. Bh6 Bf8 20. Bxg7 Bxg7 21. h6
f5 22. exf6 Nxf6 23. Qxe6+ Qf7 24. Bxb7 Rab8 25. Ba6 Bxh6 26. Bc4 Qxe6 27. Rxe6
Kg7 28. Re7+ Kh8 29. Rxa7 d3 30. Ra6 Kg7 31. Rd1 d2 32. f4 Ne4 33. Kg2 Rd4 34.
Bb3 Rc8 35. Kf3 Rc5 36. Ke3 1-0

[Event "ch-Schachbundesliga 2020"]
[Site "Karlsruhe GER"]
[Date "2020.09.16"]
[Round "1.3"]
[Board "4"]
[White "Bischoff, Klaus"]
[Black "Fedorchuk, Sergey A."]
[Result "1/2-1/2"]
[WhiteTitle "GM"]
[BlackTitle "GM"]
[WhiteElo "2503"]
[BlackElo "2615"]
[WhiteTeam "FC Bayern Muenchen"]
[BlackTeam "SC Viernheim"]
[WhiteFideId "4600045"]
[BlackFideId "14102536"]
[EventDate "2020.09.16"]

1. c4 e5 2. Nc3 Nc6 3. Nf3 Nf6 4. d3 Bc5 5. e3 d6 6. a3 a6 7. d4 exd4 8. exd4
Ba7 9. Be2 O-O 10. O-O Re8 11. h3 h6 12. Be3 Ne7 13. Qd2 Bf5 14. Bd3 Qd7 15.
Rfe1 Ng6 16. Bf1 Ne4 17. Qc2 Ng3 18. Bd3 Bxd3 19. Qxd3 Nf5 20. Bd2 Ngh4 21. Nxh4
Nxh4 22. Re4 1/2-1/2

[Event "ch-Schachbundesliga 2020"]
[Site "Karlsruhe GER"]
[Date "2020.09.16"]
[Round "1.3"]
[Board "5"]
[White "Abergel, Thal"]
[Black "Fedorovsky, Michael"]
[Result "1/2-1/2"]
[WhiteTitle "GM"]
[BlackTitle "IM"]
[WhiteElo "2460"]
[BlackElo "2422"]
[WhiteTeam "SC Viernheim"]
[BlackTeam "FC Bayern Muenchen"]
[WhiteFideId "614890"]
[BlackFideId "14105454"]
[EventDate "2020.09.16"]

1. d4 Nf6 2. Nf3 d5 3. Bf4 c5 4. e3 Nc6 5. Nbd2 cxd4 6. exd4 Bf5 7. c3 e6 8. Qb3
Bd6 9. Bxd6 Qxd6 10. a4 O-O 11. Be2 h6 12. O-O Rfe8 13. Rfe1 Qc7 14. Bf1 Rac8
15. Qa3 Ne4 16. Nxe4 Bxe4 17. Nd2 Bg6 18. Bb5 Qe7 19. Qxe7 Rxe7 20. a5 Rec7 21.
Nb3 Ne7 22. Nc5 Nf5 23. Bd3 Bh7 24. Bxf5 Bxf5 25. Ra4 1/2-1/2

[Event "ch-Schachbundesliga 2020"]
[Site "Karlsruhe GER"]
[Date "2020.09.16"]
[Round "1.3"]
[Board "6"]
[White "Lokander, Martin"]
[Black "Tarlev, Konstantin"]
[Result "0-1"]
[WhiteTitle "IM"]
[BlackTitle "GM"]
[WhiteElo "2406"]
[BlackElo "2561"]
[WhiteTeam "FC Bayern Muenchen"]
[BlackTeam "SC Viernheim"]
[WhiteFideId "1709569"]
[BlackFideId "14114089"]
[EventDate "2020.09.16"]

1. d4 Nf6 2. c4 e6 3. Nc3 Bb4 4. Qc2 c5 5. dxc5 O-O 6. Nf3 Na6 7. g3 Nxc5 8. Bg2
b6 9. O-O Bb7 10. Nb5 Be4 11. Qd1 Nb7 12. Bf4 a6 13. Nd6 Bxd6 14. Bxd6 Nxd6 15.
Qxd6 Qb8 16. Rfd1 Qb7 17. Ne1 Bxg2 18. Nxg2 Rfc8 19. Ne3 b5 20. b3 Rc6 21. Qb4
Rb8 22. cxb5 axb5 23. Rd6 Rxd6 24. Qxd6 h6 25. Rc1 Ra8 26. Rc2 b4 27. f3 Ra6 28.
Qc5 Kh7 29. Kf2 d5 30. Qc7 Qxc7 31. Rxc7 Rxa2 32. Nc2 Ne8 33. Rc8 Nd6 34. Rc6
Nb5 35. Rc5 Nc3 36. Nxb4 Rxe2+ 37. Kf1 Re3 38. f4 Ne4 39. Rc7 Rxb3 40. Nc6 Rc3 0-1

[Event "ch-Schachbundesliga 2020"]
[Site "Karlsruhe GER"]
[Date "2020.09.16"]
[Round "1.3"]
[Board "7"]
[White "Zaragatski, Ilja"]
[Black "Rafiee, Makan"]
[Result "1-0"]
[WhiteTitle "GM"]
[BlackTitle "FM"]
[WhiteElo "2517"]
[BlackElo "2334"]
[WhiteTeam "SC Viernheim"]
[BlackTeam "FC Bayern Muenchen"]
[WhiteFideId "4655192"]
[BlackFideId "24609340"]
[EventDate "2020.09.16"]

1. Nf3 d5 2. g3 Nf6 3. Bg2 e6 4. c4 Be7 5. O-O O-O 6. b3 b6 7. cxd5 Nxd5 8. Bb2
Bb7 9. d4 c5 10. dxc5 Bxc5 11. a3 a5 12. Nbd2 Nd7 13. Nd4 Rc8 14. Nc4 Qe7 15.
Nf5 exf5 16. Bxd5 Bxd5 17. Qxd5 Qe6 18. Rfd1 Nf6 19. Qxe6 fxe6 20. Bxf6 gxf6 21.
a4 Rfd8 22. Rac1 Rd5 23. Nb2 Rcd8 24. Rxd5 Rxd5 25. Nd3 Kf7 26. Kf1 Ke7 27. Rc4
Rd4 28. Rc3 Bb4 29. Rc7+ Rd7 30. Rc6 Rd6 31. Rc7+ Rd7 32. Rc6 Rd6 33. Nxb4 axb4
34. Rc4 Rd1+ 35. Kg2 Kd6 36. Rxb4 Kc5 37. Rc4+ Kd5 38. Rb4 Kc5 39. Rc4+ Kd5 40.
Rh4 Rb1 41. b4 Ra1 42. b5 h5 43. e3 Ra2 44. Rxh5 Rxa4 45. h4 Rb4 46. Rh8 Kd6 47.
h5 Ke7 48. h6 Kf7 49. h7 Kg7 50. Rf8 Kxh7 51. Rxf6 Rxb5 52. Rxe6 Kg7 53. e4 fxe4
54. Rxe4 Kf6 55. g4 Rc5 56. f4 b5 57. Re8 Rc2+ 58. Kg3 Rc3+ 59. Kh4 Rc4 60. f5 1-0